000
00307nam a2200133Ia 4500
008
191201s2011 xx 000 0 und d
100
_a
RYDER,G H
245
0
_a
Strength of Materials in SI Units
250
_a
Rep
260
_c
2011
_b
Macmillan
_a
N. Delhi
300
_a
340
650
_a
ME
942
_2
ddc
_c
BB
999
_c
7494
_d
7494